000 01304 a2200217 4500
003 Nust
005 20220819112343.0
010 _a 88120560
040 _cNust
082 0 0 _a005.3,MUE
100 1 _a Muller, John
_998233
245 1 0 _aIllustrated Lotus 1-2-3 release 3.0 /
_c John Muller
260 _a Delhi, Ill. :
_b BPB ,
_cc1988.
300 _axii, 344 p. :
_bill. ;
_c28 cm.
505 _aAbout this book (Page-1), Lotus overview (Page-4), A sample session with lotus 123 (Page-13), Copy (Page-20), Data distribution (Page-22), Data external (Page-25), Data fill (Page-32)Data matrix (Page-35)Data parse (Page-40), Data query (Page-45), Data regression (Page-51), Data sort (Page-57), Data table (Page-60), File admn (Page-66), File combine (Page-72), File Dir (Page-76), File erase (Page-78), File import (Page-81), File list (Page 84)File new (Page 87)File open (Page 89)File save file retrieve(Page 92)File extract (Page-96), Graph group (Page-99), Graph name (Page-101), Graph options advanced (Page-105), Graph option B and W color (Page-110), Graph option data labels (Page-115).
650 0 _aBusiness
_xComputer programs.
_919731
700 1 _aWarrner, Thomas W.,
_d1955-
_998234
740 0 _aUsing Lotus 123.
856 _3Almirah No. 7 Shelf No. 1
942 _2ddc
_cBK
_k005.3,MUE
999 _c180443
_d180443